Statistics for modern firearms

Click here to take the quiz!

General Stats

  • This quiz has been taken 107 times
  • The average score is 15 of 70

Answer Stats

Country & TypeAnswer% Correct
USA ArM4
83%
RU ArAK47
80%
USA ArM16
80%
France ArFAMAS
71%
DE SMGMP5
70%
RU ArAK74
59%
RU ArAKM
57%
USA ArAR15
49%
USA PsM9 Beretta
49%
AU ArAUG
46%
USA SnM24
43%
DE SMGMP7
43%
AU PsGlock
42%
DE ArG3
41%
DE ArHK416
41%
USA MgM249
41%
USA MgM60
38%
BE SMGP90
38%
RU ArAK12
36%
BE ArFal
33%
DE SMGUMP
33%
BE ArSCAR
30%
USA PsM1911
29%
IL SMGUZI
28%
CZ PsCZ75
26%
RU ArAK103
23%
UK ArL85
23%
USA SnM90 Barrett
23%
RU SMGPPBizon
22%
RU ArAS VAl
19%
UK SnAWM
19%
DE MgMG4
19%
CHN ArQBZ95
16%
DE PsUSP
16%
RU ArAN94
14%
RU SnSVD
14%
KR ArK2
12%
USA SMGKriss Vector
10%
DE MgMG5
10%
BE ArFNC
9%
DE ArG11
9%
BE ArF2000
7%
KR SMGK7
7%
USA SnMK14 EBR
7%
JPN ArType-89
7%
RU SnVSS
7%
USA SnM200 Intervention
6%
USA SnM700
6%
RU SNSV98
6%
USA SgAA12
4%
RU ArOTS14
4%
BE PsFN57
3%
USA ArHoney Badger
3%
CHN SmgJS9
3%
CHN PsQBZ92
3%
IL ArTAR21
3%
AU SMGTMP
3%
DE ArG41
1%
KR ArK11
1%
USA SgM1887
1%
USA ArMDR
1%
France PsPA15
1%
IL ArGalili
0%
DE ArHK433
0%
USA SgKSG
0%
USA MgMK48
0%
USA ArRFB
0%
IL SnSR99
0%
USA SnSRS
0%
AU SnSSG69
0%

Score Distribution

Percentile by Number Answered

Percent of People with Each Score

Your Score History

You have not taken this quiz